000 00873nam a2200277 c 4500
003 BLK
005 20190913121221.0
008 180911b bul|||||r ||||||| ||bul||
010 _a002904
040 _aBLK
041 _aENG
080 _z820-1
100 1 _aBROWNING, Elizabet
_eпърви автор
245 0 0 _aThe poetical works
246 _pлирика-стихотворения
260 _aLondon et al.
_bCollins
_cs.a
300 _a474, 6 с., 1 л
_bпортр.
_c16 см
380 _a82
490 _aЧастна колекция - Академик Михаил Арнаудов
_gДарение - Основен фонд
653 _9
_aлирика
653 _9
_aстихотворения
655 _aанглийска литература
700 1 _aElisabeth Barrett Browing
852 _aМА 972
942 _cKNG
_n0
944 _aCR
_c1996
_kValK
999 _c343243
_d343243